000 01526 a2200253 4500
001 53241
005 20260407155806.0
008 260407a2021 arg spa d
003 AR-UNSa-BCEJYS
040 _aAR-UNSa-BCEJYS
_bspa
_cAR-UNSa-BCEJYS
080 _a336.226.111
_xImpuestos sobre ingresos totales (Ingresos brutos - Convenio Multilateral)
245 1 0 _aConvenio multilateral, Impuestos internos, Monotributo
_pExplicados y comentados
020 _a978-987-01-2792-5
250 _a15a. ed.
264 1 _aBuenos Aires :
_bErrepar
_c2021
300 _axi, 150 p.
_c27 cm.
505 _aCONVENIO MULTILATERAL: 1. Introducción – 2. Ámbito de aplicación del convenio multilateral – 3. Régimen general – 4. Regímenes especiales – 5. Iniciación y cese de actividades – 6. Organismo de aplicación - - IMPUESTOS INTERNOS: 1. Aspectos generales – 2. Hecho imponible – 3. Exenciones – 4. Liquidación del impuesto – 5. Pago del impuesto – 6. Alícuotas - - MONOTRIBUTO: 1. Introducción – 2. Características generales – 3. Liquidación del gravamen – 4. Abandono del régimen simplificado – 5. Interrelación con otras normas – 6. Disposiciones y beneficios para determinados sujetos – 7. Tablas complementarias.
041 _aspa
942 _cBK
590 _aniveau_biblio:m niveau_hierar:0
100 1 _aCeldeiro, Ernesto Carlos
700 1 _aImirizaldu, Juan José
856 4 1 _uhttps://www.biblioeco.unsa.edu.ar/pmb/images/libros/L128380.jpg
_yImagen de portada
_qimage/jpeg
999 _c5159
_d5159